Extraction of potassium and aluminium from five Malaysian soils by a cation-exchange resin (Record no. 59200)

MARC details
000 -LEADER
fixed length control field 00422nam a2200121Ia 4500
100 ## - MAIN ENTRY--AUTHOR NAME
Personal name Lau C H
245 #0 - TITLE STATEMENT
Title Extraction of potassium and aluminium from five Malaysian soils by a cation-exchange resin
260 ## - PUBLICATION, DISTRIBUTION, ETC. (IMPRINT)
Name of publisher Proceedings of the International Rubber Conference, Kuala Lumpur. V.3, 1975; p23-36
650 ## - SUBJECT ADDED ENTRY--TOPICAL TERM
Topical Term Cation-exchange
650 ## - SUBJECT ADDED ENTRY--TOPICAL TERM
Topical Term Malaysian soils
942 ## - ADDED ENTRY ELEMENTS (KOHA)
Koha item type Journals
Holdings
Withdrawn status Lost status Damaged status Not for loan Home library Current library Shelving location Date acquired Koha item type
      Journals RRII Library RRII Library Soils and agonomy 17/12/2021 Journals